000 00954nac a22002891i 4500
003 EG-ScBUE
005 20250812085511.0
008 250721t2004 enka f b 001 0 eng d
020 _a0854046097
020 _a9780854046096
035 _a(OCoLC)ocm56377185
040 _aEG-ScBUE
_beng
_erda
_cEG-ScBUE
_dEG-ScBUE
082 0 4 _a543.65
_bDOW
_222
100 1 _aDownard, K.
_q(Kevin),
_eauthor.
245 1 0 _aMass spectrometry :
_ba foundation course /
_cK. Downard, University of Sydney, Sydney, Australia.
264 1 _aCambridge :
_bRoyal Society of Chemistry,
_c[2004]
264 4 _cc2004
300 _axvi, 210 pages :
_billustrations ;
_c24 cm
336 _2rdacontent
_atext
_btxt
337 _aunmediated
_2rdamedia
_bn
338 _avolume
_bnc
_2rdacarrier
500 _aIncludes Appendices.
504 _aIncludes bibliographical references and index.
650 7 _aMass spectrometry.
_2BUEsh
655 _vReading book
942 _cBB
_2ddc
999 _c2200
_d2200